000 00870nam a22002777a 4500
001 BR9702787
003 BR-BrBNA
005 20230928095433.0
007 ta
008 230509b bl.||||| |||| 00| 0 por d
040 _aBR-BrBNA
_bpor
_cBiblioteca Nacional de Agricultura
041 _a(Spa)
072 _aE14
090 _ E14 BR9702787
100 1 _aCraveiro, A.M.
110 1 _aInstituto de Pesquisas Tecnologicas, Sao Paulo, SP (Brasil)
_96224
111 1 _aEncontro Latino-Americano de Biotecnologia
_cSao Paulo, SP (Brazil)
_d3-6 Jul 1988
245 1 _aEncontro Latino-Americano de Biotecnologia: Energia e Protecao Ambiental
260 3 _aSao Paulo, SP (Brasil):
_c1988.
300 _avp.
650 _aBiotecnologia
650 _aCondicao Ambiental
650 _aPrograma de Desenvolvimento
909 _a202309
_bLucia
_c55
_dLucia Elande
942 _cBK
999 _c56568
_d56568